Ballon d'or : Joueur français le mieux classé par année - Statistiques

Statistiques générales
  • Ce quiz a été pris 232 fois
  • Le résultat moyen est 45 sur 64
Statistiques - réponses
année Club classement Réponse % Correct
1997 Juventus 3 Zidane
99%
1998 Juventus 1 Zidane
99%
1999 Juventus 19 Zidane
99%
2000 Juventus 2 Zidane
99%
2001 Juventus / Real Madrid 9 Zidane
99%
2002 Real Madrid 4 Zidane
99%
2017 Monaco / PSG 7 Mbappé
98%
2019 PSG 6 Mbappé
98%
2023 PSG 3 Mbappé
98%
2024 PSG / Real Madrid 6 Mbappé
98%
2012 Real Madrid 21 Benzema
97%
2014 Real Madrid 16 Benzema
97%
2021 Real Madrid 4 Benzema
97%
2022 Real Madrid 1 Benzema
97%
2016 Atletico de Madrid 3 Griezmann
96%
2018 Atletico de Madrid 3 Griezmann
96%
2001 (égalité) Arsenal 9 Henry
95%
2003 Arsenal 2 Henry
95%
2004 Arsenal 4 Henry
95%
2005 Arsenal 4 Henry
95%
2006 Arsenal 3 Henry
95%
2009 FC Barcelone 15 Henry
95%
2007 OM / Bayern Munich 17 Ribéry
94%
2008 Bayern Munich 16 Ribéry
94%
2013 Bayern Munich 3 Ribéry
94%
1976 Nancy 5 Platini
93%
1977 Nancy 3 Platini
93%
1979 Nancy / Saint-Etienne 5 Platini
93%
1980 Saint-Etienne 3 Platini
93%
1981 Saint-Etienne 4 Platini
93%
1983 Juventus 1 Platini
93%
1984 Juventus 1 Platini
93%
1985 Juventus 1 Platini
93%
2015 Juventus 15 Pogba
90%
1989 OM 10 Papin
85%
1990 OM 11 Papin
85%
1991 OM 1 Papin
85%
1992 OM / AC Milan 16 Papin
85%
1993 Manchester United 3 Cantona
84%
1996 Manchester United 7 Cantona
84%
1956 Real Madrid 3 Kopa
78%
1957 Real Madrid 3 Kopa
78%
1958 Real Madrid 1 Kopa
78%
1959 Reims 2 Kopa
78%
1960 Reims 6 Kopa
78%
1962 Reims 11 Kopa
78%
2011 FC Barcelone 18 Abidal
63%
1994 AC Milan 9 Desailly
55%
1995 AC Milan 11 Desailly
55%
1982 Bordeaux 2 Giresse
40%
1972 AC Ajaccio / OM 18 Trésor
23%
1978 OM 19 Trésor
23%
1970 PSG 24 Djorkaeff
18%
1986 Monaco 4 Amoros
12%
1987 Monaco 12 Amoros
12%
1963 Saint-Etienne 17 Herbin
3%
1964 Lyon / Juventus 19 Combin
2%
1967 Torino 27 Combin
2%
1974 Angers 19 Guillou
2%
1975 Angers / Nice 23 Guillou
2%
1965 Nantes 17 Gondet
1%
1969 VfB Stuttgart 23 Gress
1%
1961 (égalité) Sedan / Nîmes 28 Bernard
0%
1961 Reims 28 Müller
0%
Aucun quiz correspondant
Distribution des résultats
% des personnes avec chaque résultat
Percentile par nombre de réponses
Votre historique - résultats
Vous n’avez pas pris ce quiz